| 000 | 01178cam a2200265 i 4500 | ||
|---|---|---|---|
| 003 | SA-RiAUC | ||
| 005 | 20250710064623.0 | ||
| 008 | 250708q19001999pk g 00000 ara c | ||
| 040 |
_aSA-JeALM _bara _cSA-RiAUC _erda |
||
| 082 | 0 | 4 | _a258.1 |
| 090 |
_a258.1 _b ح د ا |
||
| 100 | 1 |
_aالحداد، أبو بكر بن علي بن محمد، _dتوفي 800 هجري _eمؤلف. |
|
| 245 | 1 | 2 |
_aالجوهرة النيرة : _bعلى مختصر القدوري / _cأبو بكر بن علي بن محمد الحداد. |
| 246 | 3 | 0 | _aشرح مختصر القدوري |
| 264 | 1 |
_aملتان، باكستان : _bمكتبة إمدادية، _c[بين 1900 و1999] |
|
| 300 |
_a2 ج في 1 مجلد ؛ _c24 سم |
||
| 336 |
_aنص _btxt _2rdacontent _3كتاب |
||
| 337 |
_aبدون وسيط _bn _2rdamedia |
||
| 338 |
_aمجلد _bnc _2rdacarrier |
||
| 650 | 7 |
_aالفقه الحنفي _2aucsh |
|
| 700 | 1 | 2 |
_aالقدوري، أحمد بن محمد بن أحمد، _d362-428 هجري. _tمختصر القدوري في الفقه الحنفي. |
| 740 | 0 | 2 | _aمختصر القدوري في الفقه الحنفي. |
| 942 |
_2ddc _cBOOK _n0 |
||
| 949 |
_aSA-JeALM _d250708 _uosman123 _n1 |
||
| 999 |
_c9712 _d9712 |
||